| 000 | 00753nam a22001937a 4500 | ||
|---|---|---|---|
| 008 | 100927t xxu||||| |||| 00| 0 eng d | ||
| 020 | _a0194522067 | ||
| 020 | _a9780194522069 | ||
| 082 |
_a428.0076 _bHAI |
||
| 100 | 1 |
_aHaines, Simon F. E. _916122 |
|
| 245 |
_aFirst Certificate Masterclass.Class Audio CDs / _cSimon Haines, Barbara Stewart. |
||
| 260 |
_a Oxford, England : _bOxford University Press, 2008 _c2008 |
||
| 300 |
_a 2 Compact discs : _bdigital ; _c4 3/4 in. |
||
| 650 |
_916123 _aEnglish language _vStudy guides _xExaminations |
||
| 650 |
_913993 _aEnglish language _vTextbooks for foreign speakers. _x |
||
| 650 |
_913812 _aEnglish language _vProblems, exercises, etc. |
||
| 700 | 1 |
_aStewart, Barbara, _d1950- _916124 |
|
| 942 |
_2ddc _cCDR |
||
| 999 |
_c14715 _d14715 |
||